00701nam a2200169Ia 450000500170000000800410001702000180005808200080007610000200008424500540010426000570015830000180021550001800023394200060041395200970041999900150051620240930013833.0240331s9999 xx 000 0 und d a9789559261612 bTHI aThiruchandran,S 2aA Pot- Pourri of Debates, Dialogue and Discourse  acolombobWomen's Education and research centerc2013 avii, 122 p ., aThis publication with seven chapters tied together as parts may seem incongruous at some point because of the seemingly diverse subject matters covered at a time in one piece. cL 001040708LaWERCLbWERCLcSSCd2024-03-31l0o 808.5 THIp6815r2024-03-31w2024-03-31yL c5816d5816